| 000 | 01454nam a2200229Ia 4500 | ||
|---|---|---|---|
| 999 |
_c39208 _d39208 |
||
| 003 | OSt | ||
| 005 | 20201015214529.0 | ||
| 008 | 160316s2009 xxu||||| |||| 00| 0 eng d | ||
| 020 | _a9781848131897 | ||
| 040 | _cnls | ||
| 082 |
_a338.900000 _bRIS-3 |
||
| 100 | _aRist Gilbert | ||
| 245 | _aThe History of Development : From western origins to global faith | ||
| 250 | _a3rd | ||
| 260 |
_aNew Delhi _bAcademic Foundatoin _c2009 |
||
| 300 |
_a288p _cvi |
||
| 365 | _b Rs. 995 | ||
| 505 | _aTable of contents Preface to the Third Edition Introduction 1. Definitions of Development 2. Metamorphoses of a Western Myth 3. The Making of a World System 4. The Invention of Development 5. The International Doctrine and Institutions Take Root 6. Modernization Poised between History and Prophecy 7. The Periphery and the Understanding of History 8. Self-Reliance: The Communal Past as a Model for the Future 9. The Triumph of Third Worldism 10. The Environment, or the New Nature of 'Development' 11. A Mixture of Realism and Fine Sentiments 12. The Postmodern Illusion: Globalization as a Simulacrum of 'Development' 13. The Fight against Poverty and the Millennium Development Goals 14. Post-Development: Decroissance and the Changing Economic Paradigm Conclusion Bibliography Index | ||
| 650 | _a1. Economic Development - Sustainable Development2. Economic Assistance - Development Economics | ||
| 700 |
_a _a |
||
| 942 |
_2ddc _cBK |
||